ARRUPE JESUIT UNIVERSITY

CORONAVIRUS -STOP THE SPREAD - CLEAN,DISINFECT,COVER
Normal view MARC view

Entry Personal Name

Number of records used in: 1

001 - CONTROL NUMBER

  • control field: 45288

003 - CONTROL NUMBER IDENTIFIER

  • control field: ARRUPE

005 - DATE AND TIME OF LATEST TRANSACTION

  • control field: 20190320101319.0

008 - FIXED-LENGTH DATA ELEMENTS

  • fixed length control field: 190320|| aca||aabn | a|a d

040 ## - CATALOGING SOURCE

  • Original cataloging agency: ARRUPE
  • Transcribing agency: ARRUPE

100 ## - HEADING--PERSONAL NAME

  • Personal name: Tibaijuka, Anna Kajumulo

670 ## - SOURCE DATA FOUND

  • Source citation: Work cat.: (ARRUPE)100143: Tibaijuka, Anna Kajumulo , Report of the Fact-Finding Mission to Zimbabwe to assess the scope and impact of Operation Murambatsvina , 2005

 

Arrupe Library. PO Box MP320 Mt Pleasant, Harare, Zimbabwe
263 242 745411|librarian@aju.ac.zw